Holiday Quiz

Random Holiday or City Quiz

City by Christmas Tree (Slideshow) Quiz Stats

Quiz not verified by Sporcle

Challenge
Share
Tweet
Score 0/20 Timer 05:00
0 Plays Today
% Correct
Paris (near Notre Dame)
85.1%
Washington DC (near Capitol)
80.9%
Berlin (near Brandenburg Gate)
76.9%
Las Vegas (near The Venetian Hotel)
75%
Seattle (near Space Needle)
72.4%
New York (Rockefeller Centre)
63%
Lake Buena Vista (Disney's Hollywood Studios)
62.8%
Moscow (Red Square)
61.6%
Beijing (near Bird's Nest)
45.2%
Rome (Piazza Venezia)
37.7%
% Correct
Chicago (Daley Plaza)
34%
Prague (near Town Hall)
33.3%
Vatican City (St. Peter's Square)
29.6%
London (Trafalgar Square)
29.5%
Amsterdam (Dam Square)
24.1%
Florence (near Duomo di Firenze)
19.6%
Tokyo (Odaiba)
14.6%
Mexico City (near Metropolitan Cathedral)
13.4%
Rio de Janeiro (off the Copacabana coast)
8.2%
Sydney (Martin Place)
7.7%

You're not logged in!

Compare scores with friends on all Sporcle quizzes.
Sign Up with Email
OR
Log In

You Might Also Like...

Show Comments

Extras

Top Quizzes Today


Score Distribution

Your Account Isn't Verified!

In order to create a playlist on Sporcle, you need to verify the email address you used during registration. Go to your Sporcle Settings to finish the process.